000 00829nam a22002297a 4500
001 46908
003 BD-RjUL
005 20211209054228.0
008 160806s1992 bg ||||| |||| 00| 0 ben d
020 _a9840600737
_c: TK 90.00
035 _a(BD-RjUL)47027
040 _aBD-RjUL
_bben
_cBD-RjUL
041 _aben
082 _223
_a297.95492
_bALK 1992
100 _aআলী, শ ম শওকত
_9142889
245 1 0 _aকুষ্টিয়া জেলায় ইসলাম /
_c শ ম শওকত আলী
260 _aঢাকা :
_bইসলামিক ফাউন্ডেশন,
_c১৯৯২
300 _a[১০], ৩০৩ পৃ. ;
_c২১ সেমি.
650 _aইসলাম
_zবাংলাদেশ
_9119382
650 _aIslam
_zBangladesh
_9118404
942 _2ddc
_cBK
999 _c46908
_d46908